01922nam a2200361 a 4500001001200000003000800012006001900020007001500039008004100054010001700095020001500112020001500127020001800142020002700160040002100187035002100208050002200229111009400251245026500345260004900610300001500659490014000674490014800814504005100962533015201013650004001165655002901205700003201234700002001266710001701286830013101303856012601434ebr10480787CaPaEBRm u cr cn|||||||||110714s2000 ne sb 101 0 eng d z 98029885  z9027236666 z1556198779 z9789027236661 z9789027283986 (e-book) aCaPaEBRcCaPaEBR a(OCoLC)74251714914aP140b.I58 1995eb2 aInternational Conference on Historical Linguisticsn(12th :d1995 :cManchester, England)10aHistorical lingusitics 1995h[electronic resource] :bselected papers from the 12th International Conference on Historical Linguistics, Manchester, August 1995. Volume 1, general issues and non-Germanic languages /cedited by John Charles Smith, Delia Bentley. aAmsterdam :bJohn Benjamins Pub. Co.,c2000. axi, 438 p.1 aAmsterdam studies in the theory and history of linguistic science. Series IV, Current issues in linguistic theory,x0304-0763 ;vv. 1620 aHistorical linguistics 1995 : selected papers from the 12th international conference on historical linguistics, Manchester, August 1995 ;vv. 1 aIncludes bibliographical references and index. aElectronic reproduction.bPalo Alto, Calif. :cebrary,d2013.nAvailable via World Wide Web.nAccess may be limited to ebrary affiliated libraries. 0aHistorical linguisticsvCongresses. 7aElectronic books.2local1 aSmith, John Charles,d1950-1 aBentley, Delia.2 aebrary, Inc. 0aAmsterdam studies in the theory and history of linguistic science.nSeries IV,pCurrent issues in linguistic theory ;vv. 162.40uhttp://site.ebrary.com/lib/rucke/Doc?id=10480787zAn electronic book accessible through the World Wide Web; click to view